Normal view
MARC view
Entry Personal Name
001 - CONTROL NUMBER
- control field: 883
003 - CONTROL NUMBER IDENTIFIER
- control field: csc
005 - DATE AND TIME OF LATEST TRANSACTION
- control field: 20140507162053.0
008 - FIXED-LENGTH DATA ELEMENTS
- fixed length control field: 130215|| aca||aabn | a|a d
040 ## - CATALOGING SOURCE
- Original cataloging agency: csc
- Transcribing agency: csc
100 ## - HEADING--PERSONAL NAME
- Personal name: Handel, George Frideric,
- Dates associated with a name: 1685-1759
- Form subdivision: Film and video adaptations.
670 ## - SOURCE DATA FOUND
- Source citation: Work cat.: (csc)211: Giulio Cesare, 2006.